De Mol Finalisten België - Statistieken

Algemene statistieken
  • Deze quiz is 3 keer genomen
  • De gemiddelde score is 8 van 41
Antwoordstatistieken
jaar Country Winner % Correct
2025 (13) Mole Sarah Loos
67%
2025 (13) Winner Alexy Kilozo
33%
2021 (9) Winner Annelotte De Brandt
33%
2019 (7) Winner Axel Pailler
33%
2018 (6) Loser Bahador Sabouri
33%
2024 (12) Winner Bernard Balcaen
33%
2016 (4) Winner Cathy van der Ha
33%
2023 (11) Mole Comfort Achuo
33%
2019 (7) Mole Elisabet Haesevoets
33%
2016 (4) Mole Gilles Van Bouwel
33%
2020 (8) Winner Jolien Derck
33%
2023 (11) Winner Lancelot De Deurwaerder
33%
2021 (9) Mole Lennart Driesen
33%
2018 (6) Winner Lloyd Vermeulen
33%
2024 (12) Loser Michaël Moens
33%
2025 (13) Loser Michèle Vergote
33%
2018 (6) Mole Pieter Delanoy
33%
2024 (12) Mole Senne van der Zweep
33%
2021 (9) Loser Sven Uyttersprot
33%
2023 (11) Loser Toos Vandervelde
33%
2022 (10) Mole Uma Vandemaele
33%
2022 (10) Loser Yens Wittebrouck
33%
2020 (8) Mole Alina Churikova
0%
2017 (5) Loser Annelies Cooymans
0%
2020 (8) Loser Bart Lintemans
0%
2019 (7) Loser Bas Moeyaert
0%
2017 (5) Winner Davey Van Rode
0%
2017 (5) Mole Eline Michiels
0%
2016 (4) Loser Hanne Vanhaesebrouck
0%
2000 (2) Mole Hugo Daemen
0%
1999 (1) Winner Hugo De Bie
0%
2003 (3) Loser Inge Boere
0%
1999 (1) Mole Magda Ral
0%
2003 (3) Mole Marc Simons
0%
2000 (2) Winner Marianne Dupon
0%
1999 (1) Loser Mon De Ridder
0%
2000 (2) Loser Niki De Boeck
0%
2022 (10) Mole Philippe Minguet
0%
2003 (3) Loser Sandra Welvaert
0%
2003 (3) Winner Stijn Vandaele
0%
2022 (10) Winner Sven Pede
0%
Geen overeenkomende quizzen gevonden
Scoreverdeling
Procent van Mensen met Elke Score
Percentiel versus Aantal Correcte Antwoorden
Uw Scoregeschiedenis
U heeft deze quiz nog niet genomen